| 000 | 00536nam a2200205Ia 4500 | ||
|---|---|---|---|
| 003 | OSt | ||
| 005 | 20230413101548.0 | ||
| 008 | 210423s2008 xx 000 0 und d | ||
| 020 | _a9781405184380 | ||
| 040 | _cAL | ||
| 041 | _aeng | ||
| 082 |
_a808 _223 _bPHEJ |
||
| 100 |
_aPHELAN (James);REBINOWITZ (Peter J). _987603 |
||
| 245 | _aCompanion to narrative theory. | ||
| 260 |
_aU K _bBlackwell Publishing _c2008 |
||
| 300 |
_axvi,571 _bPB |
||
| 365 |
_b2552 _cINR |
||
| 906 | _aCompanion ; narrative ; theory. | ||
| 942 |
_2ddc _cBK |
||
| 999 |
_c157361 _d157361 |
||